Implementing CAP reform (Record no. 117175)
[ view plain ]
| 000 -LEADER | |
|---|---|
| fixed length control field | 01149cam a2200229 4500 |
| 001 - CONTROL NUMBER | |
| control field | WB4014-20 |
| 008 - FIXED-LENGTH DATA ELEMENTS--GENERAL INFORMATION | |
| fixed length control field | 040406n2004 000 0 eng u |
| 035 ## - SYSTEM CONTROL NUMBER | |
| System control number | (Sirsi) u125774 |
| 245 ## - TITLE STATEMENT | |
| Title | Implementing CAP reform |
| 260 ## - PUBLICATION, DISTRIBUTION, ETC. | |
| Date of publication, distribution, etc. | 2004 |
| 490 ## - SERIES STATEMENT | |
| Series statement | Scottish Executive News Release |
| Volume/sequential designation | (SEEN839a/2004) 6 April 2004 (2) |
| 520 ## - SUMMARY, ETC. | |
| Summary, etc. | Reports that the final text of the EU legislation to implement reform of the CAP should be available to farmers and interested parties at the end of April 2004. The legislation covered will include cross compliance controls and sanctions and implementation of the Single Farm Payment Scheme. The Scottish Executive Environment and Rural Affairs Department plans to send information to farmer in June on the basis of their entitlement calculations. For the Scottish Executive News Release: http://www.scotland.gov.uk/pages/news/2004/04/SEEN 839a.aspx |
| 590 ## - LOCAL NOTE (RLIN) | |
| Local note | WB |
| 590 ## - LOCAL NOTE (RLIN) | |
| Local note | WB |
| 650 ## - SUBJECT ADDED ENTRY--TOPICAL TERM | |
| Topical term or geographic name entry element | SCOTLAND |
| 650 ## - SUBJECT ADDED ENTRY--TOPICAL TERM | |
| Topical term or geographic name entry element | EU LEGISLATION |
| 650 ## - SUBJECT ADDED ENTRY--TOPICAL TERM | |
| Topical term or geographic name entry element | COMMON AGRICULTURAL POLICY |
| 650 ## - SUBJECT ADDED ENTRY--TOPICAL TERM | |
| Topical term or geographic name entry element | FARM ECONOMICS |
| 650 ## - SUBJECT ADDED ENTRY--TOPICAL TERM | |
| Topical term or geographic name entry element | SINGLE FARM PAYMENT SCHEME |
| 690 ## - LOCAL SUBJECT ADDED ENTRY--TOPICAL TERM (OCLC, RLIN) | |
| Topical term or geographic name as entry element | RURAL-AGRICULTURE AND FORESTRY |
| 942 ## - ADDED ENTRY ELEMENTS (KOHA) | |
| Suppress in OPAC | 0 |
| Withdrawn status | Lost status | Source of classification or shelving scheme | Damaged status | Not for loan | Home library | Current library | Shelving location | Date acquired | Total Checkouts | Full call number | Barcode | Date last seen | Copy number | Price effective from | Koha item type |
|---|---|---|---|---|---|---|---|---|---|---|---|---|---|---|---|
| Dewey Decimal Classification | London | London | News article | 06/04/2004 | WB4014-20 | 125774-1001 | 06/08/2019 | 1 | 06/08/2019 | News article |